=LDR 00000nam 2200000 4500 =001 INLIS000000000034401 =005 20130612140317 =008 ***********************************ind** =035 ##$$0010-061300000034401 =041 ##$$a ind =082 ##$$a 629.195 =090 ##$$a 629.195, Jam t =100 ##$$a Jama, Jalius =245 ##$$a Tenik sepeda motor 1 untuk SMK/ Jalius Jama, Wagino =260 ##$$a 2008 $b Jakarta =300 ##$$a ...Jil, Ilus., 25 cm =650 ##$$a Sepeda Motor - Teknik =700 ##$$a Wagino =850 ##$$a NBPNMAT =990 ##$$a 0001/BPAP-NTB/20142015 =990 ##$$a 0001/BPAP-NTB/20142015